|
|
|
|
| LEADER |
00000cam a2200000 7i4500 |
| 001 |
0000027198 |
| 005 |
20151222.0 |
| 008 |
090820 |
| 020 |
|
|
|a 9833833283
|
| 090 |
0 |
0 |
|a MOR
|b JAW
|
| 100 |
1 |
|
|a Sinniah, Lanka Devi
|
| 245 |
1 |
0 |
|a Karisma yang suka berkerjasama
|c Lanka Devi Sinniah ; terjemahan oleh Siti Sarah Insyirah Abdul Rashid
|
| 260 |
|
|
|a Selangor :
|b Future Text Publications ,
|c 2007
|
| 440 |
|
|
|a Siri Teladan Dan Sempadan
|
| 500 |
|
|
|a Children ages 7-9 years old (orange)
|
| 546 |
|
|
|a Text dalam skrip jawi
|
| 650 |
|
0 |
|a Childrens stories, Malay
|
| 650 |
|
0 |
|a Malay language
|x readers
|x fiction
|
| 700 |
1 |
|
|a Siti Sarah Insyirah Abdul Rashid
|
| 999 |
|
|
|a 0001057885
|b Book
|c Children Collection
|e Perbadanan Perpustakaan Awam Johor
|
| 999 |
|
|
|a 0001057886
|b Book
|c Children Collection
|e Perbadanan Perpustakaan Awam Johor
|
| 999 |
|
|
|a 0001057887
|b Book
|c Children Collection
|e Perbadanan Perpustakaan Awam Johor
|
| 999 |
|
|
|a 0001057888
|b Book
|c Children Collection
|e Perbadanan Perpustakaan Awam Johor
|